Music Quiz

Random Music Quiz

The Who By Instrument Quiz Stats

 Plays Quiz not verified by Sporcle

Also try: Genesis Albums
Challenge
Share
Tweet
Embed
Score 0/9 Timer 03:00
0 Plays Today
Instrument Name % Correct
Ex-Drums #1Keith Moon
94.5%
Lead VocalsRoger Daltrey
91.2%
Lead GuitarPete Townshend
91.2%
Ex-BassJohn Entwistle
72.5%
DrumsZak Starkey
37.4%
Ex-Drums #2Kenney Jones
22%
BassPino Palladino
17.6%
Ex-Drums#3Doug Sandom
6.6%
Ex-VocalsColin Dawson
2.2%

You're not logged in!

Compare scores with friends on all Sporcle quizzes.
OR
Log In

You Might Also Like...

Show Comments

Extras

Created Sep 30, 2009ReportNominate
Tags:instrument

Top Quizzes Today


Score Distribution

Your Account Isn't Verified!

In order to create a playlist on Sporcle, you need to verify the email address you used during registration. Go to your Sporcle Settings to finish the process.

Report this User

Report this user for behavior that violates our Community Guidelines.

Details: